| 000 | 00551nam a22001937a 4500 | ||
|---|---|---|---|
| 003 | KOHA_MİRAKIL | ||
| 005 | 20250417155748.0 | ||
| 008 | 250417b tu ||||| |||| 00| 0 tur d | ||
| 020 | _a9786057717702 | ||
| 040 |
_aTR-AnABB _btur _cTR-AnABB |
||
| 041 | _atur | ||
| 082 |
_a813.42 _bTUN 2020 |
||
| 100 | 1 | _aTuna, Salih, | |
| 245 | 1 | 0 |
_aKafasını kaybeden adam / _cSalih Tuna |
| 260 |
_aİstanbul : _bTurkuvaz Haberleşme Ve Yayıncılık / _c2020 |
||
| 300 |
_a126 sayfa ; _c20 cm |
||
| 650 | 0 | 4 | _aTürk edebiyatı, roman |
| 942 |
_2ddc _cBK |
||
| 999 |
_c8757 _d8757 |
||
| 900 | _bGizem YORULMAZ | ||